| 000 | 00688nam a22002057a 4500 | ||
|---|---|---|---|
| 005 | 20170621111639.0 | ||
| 010 | _aENG-118821 | ||
| 020 |
_a9789382623595 _c700.00 |
||
| 035 | _aEN-102353 | ||
| 037 | _bDBAD/PUB | ||
| 082 | _a821.009 | ||
| 100 | _aHasnat, A.B. Abul | ||
| 245 |
_aThames meets euphrates: _bStudy of development of england's relation with perso-arabic literature / _cby A.B. Abul Hasant |
||
| 260 |
_aKolkata _bReaders Service _c2016 |
||
| 270 | _a59/5A, Garfa Main Road, Kolkata-700075 | ||
| 300 |
_ax,302p _c22cm.(Hb) |
||
| 500 | _aIncludes Notes | ||
| 505 | _a(From the middle ages to the eighteenth centuary) | ||
| 942 |
_2ddc _cEN _h821.009 _mHAS |
||
| 999 |
_c141597 _d141597 |
||